Els Immigrants francesos a Barcelona (segles XVI al XVIII) / Enric Moreu-Rey
Descripción Física:
56 p. ; 24 cm
MARC
| LEADER | 00000nam a2200000Ia 4500 | ||
|---|---|---|---|
| 001 | 11837 | ||
| 008 | 160829s1959 xx 000 0 cat d | ||
| 080 | |a M-3-309 | ||
| 100 | |a Moreu-Rey, Enric |9 22616 | ||
| 245 | |a Els Immigrants francesos a Barcelona (segles XVI al XVIII) / Enric Moreu-Rey | ||
| 260 | |a Barcelona : |b Institut d'Estudis Catalans, |c 1959 | ||
| 300 | |a 56 p. ; |c 24 cm | ||
| 490 | |a Memòries de la Secció Històrico-Arqueològica ; 20 | ||
| 590 | |a Premi Prat de la Riba, 1954 | ||
| 650 | |a Immigrants |x Barcelona |x S. XVI/XVIII |9 22617 | ||
| 650 | |a Francesos |x Barcelona |x S. XVI/XVIII |9 22618 | ||
| 710 | 2 | |a Institut d'Estudis Catalans |9 52284 | |
| 901 | |a Arxiu | ||
| 942 | |n 1 | ||
| 952 | |0 0 |1 0 |4 0 |6 M3309 |7 1 |9 42254 |a Arxiu |b Arxiu |d 2016-12-01 |l 0 |o M-3-309 |p 11837 |r 2016-12-01 00:00:00 |w 2016-12-01 |y ARXIU | ||
| 999 | |c 44732 |d 44732 | ||